<?xml version="1.0" encoding="UTF-8"?><?xml-stylesheet type="text/xsl" href="static/style.xsl"?><OAI-PMH xmlns="http://www.openarchives.org/OAI/2.0/" xmlns:xsi="http://www.w3.org/2001/XMLSchema-instance" xsi:schemaLocation="http://www.openarchives.org/OAI/2.0/ http://www.openarchives.org/OAI/2.0/OAI-PMH.xsd"><responseDate>2026-06-03T17:26:05Z</responseDate><request verb="GetRecord" identifier="oai:riuma.uma.es:10630/45009" metadataPrefix="marc">https://riuma.uma.es/rest/oai/request</request><GetRecord><record><header><identifier>oai:riuma.uma.es:10630/45009</identifier><datestamp>2026-01-30T00:47:14Z</datestamp><setSpec>com_10630_2254</setSpec><setSpec>col_10630_37959</setSpec></header><metadata><record xmlns="http://www.loc.gov/MARC21/slim" xmlns:dcterms="http://purl.org/dc/terms/" xmlns:doc="http://www.lyncode.com/xoai" xmlns:xsi="http://www.w3.org/2001/XMLSchema-instance" xsi:schemaLocation="http://www.loc.gov/MARC21/slim http://www.loc.gov/standards/marcxml/schema/MARC21slim.xsd">
   <leader>00925njm 22002777a 4500</leader>
   <datafield ind2=" " ind1=" " tag="042">
      <subfield code="a">dc</subfield>
   </datafield>
   <datafield ind2=" " ind1=" " tag="720">
      <subfield code="a">Rubio-Perea, Engracia María</subfield>
      <subfield code="e">author</subfield>
   </datafield>
   <datafield ind2=" " ind1=" " tag="260">
      <subfield code="c">2025-06</subfield>
   </datafield>
   <datafield ind2=" " ind1=" " tag="520">
      <subfield code="a">Esta comunicación se inscribe en el proyecto de investigación «El ‘Diccionario Azcárate de terminología artística’ (DAZCARTE): Implementación en la red como herramienta fundamental para el conocimiento de la historia del léxico» (PID2023146172NB-I00), financiado por el Ministerio de Ciencia, Innovación y Universidades y promovido por la Real Academia de Bellas Artes de San Fernando. El proyecto se centra en la recopilación, análisis y divulgación del léxico artístico, con especial atención a los procesos de formación terminológica y a la evolución semántica de los términos.&#xd;
&#xd;
En este marco, la propuesta se ocupa del análisis del léxico de la danza en el Discursos sobre el arte del dançado (1642) de Juan de Esquivel, primer tratado sobre esta disciplina publicado en España. Esta obra constituye una fuente fundamental para estudiar la terminología dancística del Siglo de Oro, permitiendo identificar tanto los mecanismos internos de formación léxica como los procesos de adaptación de términos procedentes del italiano y del francés, lenguas con fuerte influencia en la danza barroca.&#xd;
&#xd;
El análisis distingue tres patrones léxicos principales: (1) la derivación a partir de verbos de movimiento (cargado), (2) la composición mediante sintagmas técnicos (vuelta de pecho) y (3) la adaptación léxica de voces extranjeras (campanela). Estos patrones permiten reconstruir familias léxicas que muestran la organización del vocabulario técnico y los procesos semánticos que explican la pervivencia de ciertos términos.&#xd;
&#xd;
Los objetivos específicos son: documentar estos patrones con ejemplos del tratado, estudiar su evolución semántica y funcional, resaltar el valor de los textos como fuentes primarias y ofrecer un enfoque interdisciplinar desde la filología y la historia cultural. En conjunto, el análisis contribuye a una mejor comprensión de la relación entre lengua, arte y práctica escénica en el Siglo de Oro.</subfield>
   </datafield>
   <datafield ind1="8" ind2=" " tag="024">
      <subfield code="a">https://hdl.handle.net/10630/45009</subfield>
   </datafield>
   <datafield ind1="8" ind2=" " tag="024">
      <subfield code="a">10.58164/q9mt-tn09</subfield>
   </datafield>
   <datafield tag="653" ind2=" " ind1=" ">
      <subfield code="a">Español - Lexicología - Historia</subfield>
   </datafield>
   <datafield tag="653" ind2=" " ind1=" ">
      <subfield code="a">Danza - Lenguaje</subfield>
   </datafield>
   <datafield ind2="0" ind1="0" tag="245">
      <subfield code="a">Modelos de lexicogénesis de términos de la danza en el Siglo de Oro español.</subfield>
   </datafield>
</record>
</metadata></record></GetRecord></OAI-PMH>